| 000 | 00612nam a22001937a 4500 | ||
|---|---|---|---|
| 003 | SISC | ||
| 005 | 20170518110435.0 | ||
| 008 | 170518b xxu||||| |||| 00| 0 eng d | ||
| 020 | _a9781138819511 | ||
| 050 |
_aHV 40 _b.R664 2015 |
||
| 100 | _aRogers, Anissa. | ||
| 245 |
_aHuman behavior in the social environment / _cAnissa Rogers. |
||
| 260 |
_aNY : _bRoutledge, _c2015. |
||
| 300 |
_axxxvi, 459 pages : _billustrations ; _c23 cm. |
||
| 500 | _aIncludes bibliographical references, index and glossary. | ||
| 650 | _aSocial service - Psychological aspects. | ||
| 650 | _aHuman behavior. | ||
| 942 |
_2lcc _cBK |
||
| 999 |
_c335152 _d335152 |
||